000 00710nam a2200193Ii 4500
003 JO-AjNU
008 230605s9999||||xx |||||||||||||| ||und||
040 _aJO-AjNU
_bara
_erda
_cJO-AjNU
041 _aara
050 1 4 _aTK7878.S52 1985
100 3 _aالشربيني، الحسني طه/م مشارك سعد عبدالوهاب شعبان ,
_eauthor
_920693
245 0 0 _aالقياسات والمقاييس الالكترونية
264 3 1 _aبغداد:وزارة البحث العلمي ، 1985
300 _a514ص
_bملحقات من459-514
336 _atext
_btxt
_2rdacontent
337 _aunmediated
_bn
_2rdamedia
338 _avolume
_bnc
_2rdacarrier
650 4 _aالالكترونيات
_920694
999 _aA7062
_c10630
_d10630